| 000 | 00781cam a2200277 4500 | ||
|---|---|---|---|
| 001 | J64815 | ||
| 008 | 000000n2002 000 0 eng u | ||
| 022 | _a14686147 | ||
| 035 | _a(Sirsi) u114138 | ||
| 041 | _aENG | ||
| 050 | _a333.33016 | ||
| 110 |
_aUniversity of York _9539 |
||
| 245 | 4 | _aThe University of York index of private rents and yields. ( Four quarters 2001) | |
| 260 |
_aYork _bUniversity of York _c2001/2002 |
||
| 300 | _a4pt. ; 30cm. | ||
| 650 | _aASSOCIATION OF RESIDENTIAL LETTING AGENTS | ||
| 650 | _aHALIFAX PLC | ||
| 650 | _aPRIVATE SECTOR RENTS | ||
| 650 | _aRENT INDICES | ||
| 650 | _aRENT SERVICE | ||
| 650 |
_aRESIDENTIAL PROPERTY _96266 |
||
| 650 | _aVALUATION AND LANDS AGENCY | ||
| 650 | _aYIELDS | ||
| 690 | _aHOUSING | ||
| 942 | _n0 | ||
| 999 |
_c101579 _d101579 |
||